films par métiers #5 - Statistiques

Statistiques générales
  • Ce quiz a été pris 48 fois
  • Le résultat moyen est 5 sur 20
Statistiques - réponses
Hint Réponse % Correct
Prostituée (Vivian Ward) Pretty Woman (1990)
83%
Agent Immobilier (Vincent Larchet) Le Prénom (2012)
45%
Président de Nakatomi Plaza (Joseph Yoshinobu Takagi) Piège de Cristal (1988)
40%
Opérateur de Marché (Stéphane Marchadot) Un Indien dans la Ville (1994)
36%
Coiffeur Stagiaire (Guy-Hubert Bourdelle) Papy Fait de la Resistance (1983)
33%
Emballeur de viandes (Paul "Paulie"Pennino) Rocky (1976)
31%
Cultivateur (Joseph "Jojo" Braconnier) Un Crime au Paradis (2001)
31%
Avocat (Mitch McDeere) La Firme (1993)
26%
Homme d'Affaires (Nicholas Van Orton) The Game (1997)
26%
Cadre au chômage (Michel Berthier) Une Epoque Formidable (1991)
26%
Pasteur (John MacLean) Et au milieu coule une rivière (1992)
24%
Enseignante (Tracy Mills) Seven (1995)
24%
Psychologue, Auteur (Helen Hudson) Copycat (1995)
21%
Directeur de Musée (Dr Brady) Les Visiteurs en Amérique (2001)
19%
Vendeur de déguisements (Mr Milich) Eyes Wide Shut (1999)
17%
Serveur de Restaurant (Georges) Le Marginal (1983)
17%
Coach de Basket (Charlie Hannah) Jeepers Creepers 2 (2003)
12%
Cadre de société d'Assurance (William Easton) Saw 6 (2009)
10%
Attachée de Presse (Rebecca Walters) Scream 4 (2011)
10%
Professeur (William Wexler) Urban Legend (1998)
7%
Aucun quiz correspondant
Distribution des résultats
% des personnes avec chaque résultat
Percentile par nombre de réponses
Votre historique - résultats
Vous n’avez pas pris ce quiz